Pokémon - Les attaques de Miascarade - Statistiques

Statistiques générales
  • Ce quiz a été pris 14 fois
  • Le résultat moyen est 14 sur 20
Statistiques - réponses
Niveaux Types Noms des attaques % Correct
Niveau 24 Insecte Demi-Tour
100%
Départ Plante Feuillage
100%
Départ Normal Griffe
100%
Niveau 33 Normal Tranche
100%
Niveau 47 Fée Câlinerie
89%
Niveau 42 Plante Éco-Sphère
89%
Départ Évolution Plante Magie Florale
89%
Niveau 10 Ténèbres Aiguisage
78%
Niveau 20 Plante Canon Graine
78%
Départ Normal Mimi-Queue
78%
Niveau 7 Ténèbres Morsure
78%
Niveau 64 Plante Tempête Verte
78%
Niveau 38 Ténèbres Tranche Nuit
78%
Niveau 13 Plante Feuille Magik
67%
Niveau 52 Ténèbres Sabotage
67%
Niveau 15 Normal Vive-Attaque
56%
Niveau 58 Plante Champ Herbu
44%
Niveau 29 Plante Soucigraine
44%
Départ Psy Tour de Magie
22%
Départ Normal Reflet
11%
Aucun quiz correspondant
Distribution des résultats
% des personnes avec chaque résultat
Percentile par nombre de réponses
Votre historique - résultats
Vous n’avez pas pris ce quiz